[Event "Chess24 Banter Blitz Cup"]
[Site "chess24.com INT"]
[Date "2019.11.20"]
[Round "1.6"]
[White "Martinez Martin, David"]
[Black "Duda, Jan-Krzysztof"]
[Result "0-1"]
[WhiteTitle "IM"]
[BlackTitle "GM"]
[WhiteElo "2388"]
[BlackElo "2734"]
[WhiteFideId "2209748"]
[BlackFideId "1170546"]
[EventDate "2019.09.25"]
[EventType "blitz"]

1. d4 d5 2. c4 e6 3. Nc3 Be7 4. Nf3 Nf6 5. e3 O-O 6. b3 b6 7. Bb2 Bb7 8. Bd3
dxc4 9. bxc4 c5 10. O-O cxd4 11. exd4 Nbd7 12. Rc1 Rc8 13. Re1 Re8 14. Ne4 Nxe4
15. Bxe4 Bxe4 16. Rxe4 Nf6 17. Re3 Bd6 18. Ne5 Bxe5 19. Rxe5 Qd6 20. Qe2 h6 21.
g4 Nd7 22. Re3 Red8 23. h4 Nf8 24. h5 Rd7 25. Rg3 Qf4 26. Rcc3 Rxd4 27. Rcf3 Qd2
28. Qxd2 Rxd2 29. Bc3 Rxa2 30. g5 hxg5 31. Rxg5 e5 32. Bxe5 Ne6 33. Rg4 Ra5 34.
Bxg7 Rg5 35. Rxg5 Nxg5 36. Rg3 Kxg7 37. Rxg5+ Kh6 38. Rf5 Rxc4 39. Rxf7 Ra4 40.
Rb7 Kxh5 41. Kf1 Kg5 42. Ke2 Kf5 43. Kd3 Ke5 44. Kc3 Kd5 45. Kb3 Ra1 46. Kb4 Kc6
47. f4 a5+ 0-1

[Event "Chess24 Banter Blitz Cup"]
[Site "chess24.com INT"]
[Date "2019.11.20"]
[Round "1.7"]
[White "Duda, Jan-Krzysztof"]
[Black "Martinez Martin, David"]
[Result "1/2-1/2"]
[WhiteTitle "GM"]
[BlackTitle "IM"]
[WhiteElo "2734"]
[BlackElo "2388"]
[WhiteFideId "1170546"]
[BlackFideId "2209748"]
[EventDate "2019.09.25"]
[EventType "blitz"]

1. c4 e6 2. Nf3 d5 3. b3 d4 4. g3 c5 5. Bg2 Nc6 6. O-O e5 7. e3 Nf6 8. d3 Be7 9.
exd4 exd4 10. Bf4 O-O 11. Ne5 Nxe5 12. Bxe5 Bd6 13. Bxf6 Qxf6 14. Nd2 Bf5 15.
Bxb7 Bxd3 16. Bxa8 Bxf1 17. Ne4 Qg6 18. Qxf1 Rxa8 19. Re1 Bf8 20. Qd3 Rd8 21. f3
a5 22. Nf2 Qa6 23. a4 Qb6 24. Ne4 Rb8 25. Nd2 Qb4 26. Kf2 Qc3 27. Qxc3 dxc3 28.
Ne4 Rxb3 29. Rc1 Rb2+ 30. Ke3 Rxh2 31. Nxc3 g6 32. Rb1 Rg2 33. g4 h5 34. gxh5
gxh5 35. Rh1 Rc2 36. Kd3 Rf2 37. Ke3 Rc2 38. Kd3 Rf2 39. Ke3 Rc2 1/2-1/2

[Event "Chess24 Banter Blitz Cup"]
[Site "chess24.com INT"]
[Date "2019.11.20"]
[Round "1.8"]
[White "Martinez Martin, David"]
[Black "Duda, Jan-Krzysztof"]
[Result "0-1"]
[WhiteTitle "IM"]
[BlackTitle "GM"]
[WhiteElo "2388"]
[BlackElo "2734"]
[WhiteFideId "2209748"]
[BlackFideId "1170546"]
[EventDate "2019.09.25"]
[EventType "blitz"]

1. d4 Nf6 2. c4 c5 3. d5 e5 4. Nc3 d6 5. g3 g6 6. Bg2 Bg7 7. e4 O-O 8. Nge2 Ne8
9. O-O a6 10. a4 b6 11. f4 exf4 12. gxf4 f5 13. Be3 fxe4 14. Bxe4 Ra7 15. Qd3
Nf6 16. Bg2 Bf5 17. Qd2 Re7 18. Kh1 Rfe8 19. Bg1 Nh5 20. Ng3 Nxg3+ 21. hxg3 Nd7
22. Rae1 Nf6 23. Bf3 Qd7 24. Bf2 Ng4 25. Rxe7 Nxf2+ 26. Rxf2 Qxe7 27. Re2 Qd8
28. Qe1 Rxe2 29. Qxe2 Bxc3 30. bxc3 Kf7 31. Bg4 Bxg4 32. Qxg4 Qe8 33. f5 Qe1+
34. Kg2 Qe5 35. fxg6+ hxg6 36. Qd7+ Kf6 37. Qd8+ Kf5 38. Qxb6 Kg4 39. Qb2 Qxg3+
40. Kf1 Qf3+ 41. Ke1 Qh1+ 42. Kd2 Qh2+ 43. Kc1 Qxb2+ 44. Kxb2 Kf3 0-1

[Event "Chess24 Banter Blitz Cup"]
[Site "chess24.com INT"]
[Date "2019.11.20"]
[Round "1.9"]
[White "Duda, Jan-Krzysztof"]
[Black "Martinez Martin, David"]
[Result "1-0"]
[WhiteTitle "GM"]
[BlackTitle "IM"]
[WhiteElo "2734"]
[BlackElo "2388"]
[WhiteFideId "1170546"]
[BlackFideId "2209748"]
[EventDate "2019.09.25"]
[EventType "blitz"]

1. g3 d5 2. Nf3 g6 3. Bg2 Bg7 4. d4 Nf6 5. O-O O-O 6. c4 dxc4 7. Na3 c3 8. bxc3
c5 9. e3 Nc6 10. Qe2 cxd4 11. cxd4 Bg4 12. h3 Bf5 13. Bb2 Be4 14. Nc4 Nb4 15.
Rfd1 Rc8 16. a3 Nbd5 17. Rac1 b5 18. Ncd2 Bc2 19. Re1 a6 20. e4 Nb6 21. Ne5 Na4
22. Ba1 Nc3 23. Bxc3 Rxc3 24. Nb1 Bxb1 25. Rxc3 Qxd4 26. Re3 Qxe5 27. Rxb1 Nd7
28. f4 Qc5 29. e5 Nb6 30. Kh2 Nc4 31. Rc3 g5 32. Be4 Kh8 33. Rd1 gxf4 34. gxf4
Bxe5 35. fxe5 Qxe5+ 36. Rg3 Rg8 37. Rg1 Rd8 38. Bd3 Rxd3 39. Qxe5+ Nxe5 40. Rg8# 1-0

[Event "Chess24 Banter Blitz Cup"]
[Site "chess24.com INT"]
[Date "2019.11.20"]
[Round "1.1"]
[White "Perunovic, Milos"]
[Black "Meier, Georg"]
[Result "0-1"]
[WhiteTitle "GM"]
[BlackTitle "GM"]
[WhiteElo "2564"]
[BlackElo "2628"]
[WhiteFideId "921629"]
[BlackFideId "4675789"]
[EventDate "2019.09.25"]
[EventType "blitz"]

1. e4 e6 2. d4 d5 3. Nc3 dxe4 4. Nxe4 Nd7 5. Nf3 Ngf6 6. Bg5 h6 7. Nxf6+ Nxf6 8.
Bh4 c5 9. Bb5+ Bd7 10. Bxd7+ Qxd7 11. Bxf6 gxf6 12. c3 cxd4 13. Qxd4 Qxd4 14.
Nxd4 Bc5 15. O-O-O Rg8 16. g3 Rd8 17. Rhe1 h5 18. h4 Rg4 19. Nb5 Bxf2 20. Rxd8+
Kxd8 21. Rd1+ Ke7 22. Nd6 Bxg3 23. Nxb7 Bxh4 24. Na5 Bg5+ 25. Kc2 h4 26. c4 Be3
27. b4 h3 28. Rh1 Bb6 29. Nc6+ Kd6 30. b5 Rxc4+ 31. Kb3 Rh4 32. a4 h2 33. a5 Bg1
34. a6 Kc7 0-1

[Event "Chess24 Banter Blitz Cup"]
[Site "chess24.com INT"]
[Date "2019.11.20"]
[Round "1.2"]
[White "Perunovic, Milos"]
[Black "Meier, Georg"]
[Result "1-0"]
[WhiteTitle "GM"]
[BlackTitle "GM"]
[WhiteElo "2564"]
[BlackElo "2628"]
[WhiteFideId "921629"]
[BlackFideId "4675789"]
[EventDate "2019.09.25"]
[EventType "blitz"]

1. e4 e6 2. d4 d5 3. Nc3 dxe4 4. Nxe4 Nd7 5. Nf3 Ngf6 6. Nxf6+ Nxf6 7. Bg5 h6 8.
Be3 Bd6 9. Qe2 b6 10. O-O-O Bb7 11. Ne5 a6 12. Rg1 Qe7 13. g4 Nd7 14. f4 O-O-O
15. Bg2 Bxe5 16. dxe5 Nc5 17. Bxb7+ Kxb7 18. Qf3+ Kb8 19. Qc6 Nb7 20. Qc4 a5 21.
Bf2 Rxd1+ 22. Rxd1 Rd8 23. Rd4 Rd7 24. Qd3 Rxd4 25. Qxd4 Qe8 26. Qe4 Nd8 27. c4
Nc6 28. h4 Kb7 29. h5 Qd7 30. b3 Kc8 31. a3 Nd8 32. Qa8# 1-0

[Event "Chess24 Banter Blitz Cup"]
[Site "chess24.com INT"]
[Date "2019.11.20"]
[Round "1.3"]
[White "Meier, Georg"]
[Black "Perunovic, Milos"]
[Result "1-0"]
[WhiteTitle "GM"]
[BlackTitle "GM"]
[WhiteElo "2628"]
[BlackElo "2564"]
[WhiteFideId "4675789"]
[BlackFideId "921629"]
[EventDate "2019.09.25"]
[EventType "blitz"]

1. Nf3 d5 2. g3 Nc6 3. d4 Bf5 4. Bg2 Nb4 5. Na3 e6 6. O-O h6 7. c3 Nc6 8. Qa4
Bxa3 9. Qxa3 Nge7 10. Nd2 O-O 11. e4 dxe4 12. Nxe4 a5 13. Re1 Nd5 14. Qa4 Nb6
15. Qb5 a4 16. Qe2 Nd5 17. Qb5 Nb6 18. Nc5 Ra5 19. Qe2 Qc8 20. Bd2 Nd7 21. Nd3
Re8 22. Rad1 Ra8 23. Be3 Nf6 24. c4 Bg4 25. f3 Bf5 26. Bf2 Rd8 27. Ne5 Nxe5 28.
dxe5 Nd7 29. g4 Bg6 30. Bh4 Re8 31. Qe3 b6 32. f4 Ra5 33. Rd2 Nc5 34. Red1 Kh7
35. Bc6 Rf8 36. Be7 Rg8 37. Qf3 f5 38. exf6 gxf6 39. Bxf6 Qf8 40. Rd7+ Bf7 41.
Be4+ Nxe4 42. Qxe4+ Rg6 43. Rd8 Qc5+ 44. Kf1 Bg8 45. R1d7+ 1-0

[Event "Chess24 Banter Blitz Cup"]
[Site "chess24.com INT"]
[Date "2019.11.20"]
[Round "1.4"]
[White "Meier, Georg"]
[Black "Perunovic, Milos"]
[Result "1-0"]
[WhiteTitle "GM"]
[BlackTitle "GM"]
[WhiteElo "2628"]
[BlackElo "2564"]
[WhiteFideId "4675789"]
[BlackFideId "921629"]
[EventDate "2019.09.25"]
[EventType "blitz"]

1. Nf3 c5 2. c4 Nc6 3. Nc3 e5 4. e3 Nf6 5. d4 e4 6. Ne5 Bd6 7. Ng4 Nxg4 8. Qxg4
O-O 9. dxc5 f5 10. Qd1 Be5 11. Bd2 Qe7 12. Nd5 Qxc5 13. b4 Qd6 14. b5 Bxa1 15.
Qxa1 Rd8 16. bxc6 dxc6 17. Bb4 Qd7 18. Nf4 a5 19. Bc3 b5 20. Be2 b4 21. Bd4 c5
22. Bxc5 Qd2+ 23. Kf1 a4 24. Bd4 b3 25. g4 Rb8 26. axb3 axb3 27. Kg2 b2 28. Qa7
Rb7 29. Qc5 Qb4 30. Qe5 b1=Q 31. Rxb1 Qxb1 32. Nd5 Qc2 33. Ne7+ Rxe7 34. Qxe7
Rd7 35. Qe8# 1-0

[Event "Chess24 Banter Blitz Cup"]
[Site "chess24.com INT"]
[Date "2019.11.20"]
[Round "1.5"]
[White "Perunovic, Milos"]
[Black "Meier, Georg"]
[Result "1-0"]
[WhiteTitle "GM"]
[BlackTitle "GM"]
[WhiteElo "2564"]
[BlackElo "2628"]
[WhiteFideId "921629"]
[BlackFideId "4675789"]
[EventDate "2019.09.25"]
[EventType "blitz"]

1. e4 e6 2. d4 d5 3. Nc3 dxe4 4. Nxe4 Nd7 5. Nf3 Ngf6 6. Nxf6+ Nxf6 7. Be3 Bd6
8. Qe2 O-O 9. O-O-O b6 10. Rg1 Ng4 11. Ne5 Nxe3 12. Qxe3 Bb7 13. Bd3 c5 14. dxc5
bxc5 15. Nc4 Bd5 16. Nxd6 Qxd6 17. c4 Rab8 18. cxd5 exd5 19. Bc2 c4 20. Qd4 Qb4
21. Rd2 g6 22. Rgd1 Rb5 23. Qc3 1-0

[Event "Chess24 Banter Blitz Cup"]
[Site "chess24.com INT"]
[Date "2019.11.20"]
[Round "1.6"]
[White "Meier, Georg"]
[Black "Perunovic, Milos"]
[Result "1-0"]
[WhiteTitle "GM"]
[BlackTitle "GM"]
[WhiteElo "2628"]
[BlackElo "2564"]
[WhiteFideId "4675789"]
[BlackFideId "921629"]
[EventDate "2019.09.25"]
[EventType "blitz"]

1. Nf3 Nf6 2. g3 b6 3. Bg2 Bb7 4. O-O c5 5. c4 e6 6. Nc3 a6 7. b3 Be7 8. Bb2 O-O
9. d4 cxd4 10. Qxd4 d6 11. Rfd1 Nbd7 12. Ne1 Bxg2 13. Nxg2 Qc7 14. Ne3 Rfd8 15.
Rac1 Rac8 16. Ne4 Nxe4 17. Qxe4 Bf6 18. Bxf6 Nxf6 19. Qf3 b5 20. Kg2 Qb8 21.
cxb5 axb5 22. Rc6 d5 23. Rdc1 Rxc6 24. Rxc6 h6 25. Nc2 Qb7 26. Nb4 Ne4 27. Qd3
Qa7 28. e3 Qa5 29. Qd4 e5 30. Qb6 Qxb6 31. Rxb6 d4 32. exd4 exd4 33. Nd3 Nc3 34.
Rb7 Ra8 35. Rd7 Rxa2 36. Rxd4 Rd2 37. Rd8+ Kh7 38. Rd7 Kg8 39. Ne5 Rxd7 40. Nxd7
f6 41. Kf3 Kf7 42. Nc5 Ke7 43. Ne4 Nd5 44. Ke2 f5 45. Nd2 Kd6 46. Kd3 Kc5 47.
Nf3 Kb4 48. Nd4 g6 49. Kc2 Nf6 50. f3 Nd5 51. Kd3 Ka3 52. Nxb5+ Kxb3 53. Nd4+
Kb4 54. Nc6+ Kc5 55. Ne5 g5 56. Nf7 f4 57. g4 Ne3 58. Nxh6 Nf1 59. Nf7 Kd5 60.
Nxg5 1-0

[Event "Chess24 Banter Blitz Cup"]
[Site "chess24.com INT"]
[Date "2019.11.20"]
[Round "1.7"]
[White "Perunovic, Milos"]
[Black "Meier, Georg"]
[Result "1-0"]
[WhiteTitle "GM"]
[BlackTitle "GM"]
[WhiteElo "2564"]
[BlackElo "2628"]
[WhiteFideId "921629"]
[BlackFideId "4675789"]
[EventDate "2019.09.25"]
[EventType "blitz"]

1. e4 e5 2. Nf3 Nf6 3. Nc3 Nc6 4. Bb5 Nd4 5. Bc4 Bc5 6. d3 O-O 7. Nxe5 c6 8.
Nxf7 Rxf7 9. Bxf7+ Kxf7 10. Be3 d6 11. h3 Kg8 12. Na4 b5 13. Nxc5 dxc5 14. c3
Ne6 15. O-O a5 16. Qe2 Ra7 17. Rad1 Rf7 18. f4 Qe7 19. f5 Nf8 20. Rfe1 c4 21.
Bf4 cxd3 22. Rxd3 h6 23. Bd6 Qe8 24. Rd4 Bb7 25. e5 Nd5 26. Rf1 Ne7 27. f6 Neg6
28. Bxf8 Nxf8 29. Rg4 Bc8 30. fxg7 Rxg7 31. Rxg7+ Kxg7 32. Qf2 Qe7 33. Qg3+ Kh7
34. Rf6 Bd7 35. Qd3+ Kg7 36. Qg3+ Kh7 37. Qf4 Be8 38. Qxh6+ Kg8 39. Qg5+ 1-0

[Event "Chess24 Banter Blitz Cup"]
[Site "chess24.com INT"]
[Date "2019.11.20"]
[Round "1.8"]
[White "Meier, Georg"]
[Black "Perunovic, Milos"]
[Result "1-0"]
[WhiteTitle "GM"]
[BlackTitle "GM"]
[WhiteElo "2628"]
[BlackElo "2564"]
[WhiteFideId "4675789"]
[BlackFideId "921629"]
[EventDate "2019.09.25"]
[EventType "blitz"]

1. Nf3 Nf6 2. g3 b6 3. Bg2 Bb7 4. c4 c5 5. O-O e6 6. Nc3 a6 7. d4 cxd4 8. Qxd4
d6 9. Bg5 Nbd7 10. Qd2 Rc8 11. b3 Be7 12. Bf4 d5 13. Ne5 O-O 14. cxd5 Bb4 15.
Nc6 Bxc6 16. dxc6 Nc5 17. Rfd1 Qxd2 18. Bxd2 e5 19. Nd5 Bxd2 20. Ne7+ Kh8 21.
Nxc8 Bc3 22. Nxb6 Bxa1 23. Rxa1 Ne6 24. Bh3 Nc7 25. Rd1 g5 26. Bf5 Rb8 27. Nd7
Rd8 28. Kf1 Kg7 29. Ke1 Nfe8 30. Nxe5 1-0

[Event "Chess24 Banter Blitz Cup"]
[Site "chess24.com INT"]
[Date "2019.11.20"]
[Round "1.9"]
[White "Perunovic, Milos"]
[Black "Meier, Georg"]
[Result "0-1"]
[WhiteTitle "GM"]
[BlackTitle "GM"]
[WhiteElo "2564"]
[BlackElo "2628"]
[WhiteFideId "921629"]
[BlackFideId "4675789"]
[EventDate "2019.09.25"]
[EventType "blitz"]

1. e4 e6 2. d4 d5 3. Nc3 dxe4 4. Nxe4 Nd7 5. Nf3 Ngf6 6. Nxf6+ Nxf6 7. Be3 Bd6
8. Qe2 b6 9. O-O-O Bb7 10. Ne5 O-O 11. Rg1 Nd5 12. g4 Nxe3 13. Qxe3 c5 14. dxc5
Bxc5 15. Qf4 Qh4 16. Rg3 Qxh2 17. Nd3 Be7 18. Be2 Bh4 19. Bf3 Bxg3 20. fxg3 Bxf3
21. Qxf3 Qh6+ 22. Kb1 Rad8 23. Rh1 Qg5 24. Rh5 Qf6 25. Qe2 h6 26. a3 Rd7 27. g5
hxg5 28. Ne5 Rd5 29. Qh2 g6 30. Ng4 gxh5 31. Nxf6+ Kg7 32. Nxd5 Rh8 33. Qf2 Rh6
34. Qd4+ e5 35. Ne3 exd4 36. Nf5+ Kf6 0-1

[Event "Chess24 Banter Blitz Cup"]
[Site "chess24.com INT"]
[Date "2019.11.20"]
[Round "1.10"]
[White "Meier, Georg"]
[Black "Perunovic, Milos"]
[Result "1-0"]
[WhiteTitle "GM"]
[BlackTitle "GM"]
[WhiteElo "2628"]
[BlackElo "2564"]
[WhiteFideId "4675789"]
[BlackFideId "921629"]
[EventDate "2019.09.25"]
[EventType "blitz"]

1. Nf3 d5 2. g3 Nc6 3. d4 Bf5 4. c3 e6 5. Bg2 h6 6. O-O Nf6 7. b4 a6 8. a4 Bd6
9. Nbd2 O-O 10. Bb2 Ne4 11. Qb3 Re8 12. Rfd1 Bh7 13. Ne1 Nxd2 14. Rxd2 Ne7 15.
c4 c6 16. Nd3 Nf5 17. Nc5 Qe7 18. a5 h5 19. Rad1 h4 20. e4 dxe4 21. Bxe4 hxg3
22. hxg3 Rad8 23. Qf3 Bg6 24. Rd3 Rb8 25. Bc1 Red8 26. Kg2 Qf6 27. Kg1 Bxc5 28.
dxc5 Rxd3 29. Qxd3 Rf8 30. Kg2 Ne7 31. Bxg6 Nxg6 32. Be3 e5 33. Qe4 Qe7 34. Qf5
Rd8 35. Bg5 f6 36. Rxd8+ Qxd8 37. Qxg6 fxg5 38. Qe6+ Kh8 39. Qh3+ Kg8 40. Qe6+
Kh8 41. Qxe5 Qd3 42. Qe8+ Kh7 43. Qh5+ Kg8 44. Qxg5 Qe4+ 45. Kh2 Qxc4 46. Qf4
Qc2 47. Kg2 Kh7 48. g4 Qd3 49. Kh2 Qe2 50. Kg3 Qd3+ 51. Qf3 Qf1 52. Qe4+ Kh8 53.
Qe8+ 1-0

[Event "Chess24 Banter Blitz Cup"]
[Site "chess24.com INT"]
[Date "2019.11.20"]
[Round "1.11"]
[White "Perunovic, Milos"]
[Black "Meier, Georg"]
[Result "0-1"]
[WhiteTitle "GM"]
[BlackTitle "GM"]
[WhiteElo "2564"]
[BlackElo "2628"]
[WhiteFideId "921629"]
[BlackFideId "4675789"]
[EventDate "2019.09.25"]
[EventType "blitz"]

1. e4 e6 2. d4 d5 3. Nc3 dxe4 4. Nxe4 Nd7 5. Nf3 Ngf6 6. Nxf6+ Nxf6 7. Be3 Bd6
8. Qe2 O-O 9. O-O-O b6 10. Rg1 Bb7 11. g4 Nd5 12. g5 Nf4 13. Bxf4 Bxf4+ 14. Kb1
Qd5 15. Bg2 Qd6 16. h4 Rad8 17. h5 Bxf3 18. Bxf3 g6 19. Be4 c5 20. Qg4 cxd4 21.
Rh1 Qe5 22. Qf3 Bxg5 23. hxg6 hxg6 24. Qh3 Qg7 25. Rdg1 Bf6 26. Rg2 d3 27. cxd3
Bxb2 28. Rhg1 Ba3 29. Rxg6 fxg6 30. Qxe6+ Rf7 31. Rxg6 Kf8 32. Rxg7 Kxg7 33.
Qg6+ Kf8 34. Qh6+ Ke7 35. Qg5+ Rf6 36. Qg7+ Rf7 37. Qe5+ Kf8 38. f4 Bc5 39. f5
Bd4 40. Qh2 Rfd7 41. Qh6+ Bg7 42. Qg5 Rd6 43. Kc2 Rc8+ 44. Kd1 Rc7 45. Qh5 Rcd7
46. Ke2 b5 47. Qh2 a5 48. Qg1 b4 49. Qc5 Ke7 50. Qxa5 Bc3 51. Qc5 Bd4 52. Qc7
Bc3 53. Qc8 Bf6 0-1

[Event "Chess24 Banter Blitz Cup"]
[Site "chess24.com INT"]
[Date "2019.11.20"]
[Round "1.12"]
[White "Meier, Georg"]
[Black "Perunovic, Milos"]
[Result "1-0"]
[WhiteTitle "GM"]
[BlackTitle "GM"]
[WhiteElo "2628"]
[BlackElo "2564"]
[WhiteFideId "4675789"]
[BlackFideId "921629"]
[EventDate "2019.09.25"]
[EventType "blitz"]

1. Nf3 d5 2. g3 Nc6 3. d4 Bf5 4. Bg2 e6 5. O-O Nf6 6. c4 Bd6 7. Nc3 O-O 8. Bg5
Be7 9. Qa4 h6 10. Bxf6 Bxf6 11. Rfd1 Ne7 12. Qb3 Rb8 13. cxd5 exd5 14. Rac1 c6
15. e3 Nc8 16. Ne1 Nd6 17. Nd3 Re8 18. Nc5 h5 19. h4 g5 20. hxg5 Bxg5 21. Ne2 h4
22. Bf3 hxg3 23. Nxg3 Bg6 24. Kg2 Kg7 25. Rh1 Nf5 26. Nxf5+ Bxf5 27. Rcg1 Bg6
28. Nd3 f6 29. Qc3 b6 30. b4 Rc8 31. a3 Qd6 32. Kf1 Rh8 33. Rxh8 Rxh8 34. Rh1
Re8 35. Kg2 Qe6 36. Rh3 Bf5 37. Rh1 Be4 38. Bxe4 Qxe4+ 39. Kg1 Bxe3 40. Rh2 Bxd4
41. Qd2 Kf7 42. Rg2 Rg8 43. Rxg8 Kxg8 44. Kf1 Kf7 45. Ne1 c5 46. bxc5 bxc5 47.
Qd1 c4 48. Qh5+ Ke7 49. Qh6 c3 50. Qg7+ Kd6 51. Qf8+ Ke6 52. Qc8+ Ke5 53. a4 Bb6
54. Qe8+ Kd4 55. Qc6 Ke5 56. a5 Bxa5 57. Qe8+ Kd6 58. Qc6+ 1-0

[Event "Chess24 Banter Blitz Cup"]
[Site "chess24.com INT"]
[Date "2019.12.04"]
[Round "1.1"]
[White "Ordaz Valdes, Lisandra Teresa"]
[Black "Saric, Ivan"]
[Result "0-1"]
[WhiteTitle "IM"]
[BlackTitle "GM"]
[WhiteElo "2384"]
[BlackElo "2667"]
[WhiteFideId "3506940"]
[BlackFideId "14508150"]
[EventDate "2019.09.25"]
[EventType "blitz"]

1. d4 d5 2. c4 c6 3. cxd5 cxd5 4. Bf4 Nf6 5. Nc3 Nc6 6. e3 Bf5 7. Qb3 Na5 8.
Qa4+ Bd7 9. Qc2 Rc8 10. Bd3 b5 11. a3 Nc4 12. Nf3 e6 13. O-O Be7 14. Qe2 O-O 15.
Ne5 Be8 16. Rfc1 Qb6 17. h3 a5 18. a4 bxa4 19. Nxc4 dxc4 20. Bxc4 Qb4 21. Ba6
Ra8 22. Bb5 Bxb5 23. Qxb5 Nd5 24. Rxa4 Qxb5 25. Nxb5 Nxf4 26. exf4 Rfb8 27. Rc7
Bd8 28. Rc5 Bb6 29. Rc6 g6 30. g3 Bd8 0-1

[Event "Chess24 Banter Blitz Cup"]
[Site "chess24.com INT"]
[Date "2019.12.04"]
[Round "1.2"]
[White "Saric, Ivan"]
[Black "Ordaz Valdes, Lisandra Teresa"]
[Result "1-0"]
[WhiteTitle "GM"]
[BlackTitle "IM"]
[WhiteElo "2667"]
[BlackElo "2384"]
[WhiteFideId "14508150"]
[BlackFideId "3506940"]
[EventDate "2019.09.25"]
[EventType "blitz"]

1. e4 e5 2. Nf3 Nc6 3. Bb5 g6 4. c3 a6 5. Ba4 d6 6. d4 Bd7 7. O-O Bg7 8. Re1 Nf6
9. Nbd2 O-O 10. h3 Qe7 11. Nf1 b5 12. Bc2 Qd8 13. Bg5 Re8 14. Qd2 Rb8 15. Rad1
b4 16. dxe5 bxc3 17. bxc3 Nxe5 18. Nxe5 Rxe5 19. f4 Rxg5 20. fxg5 Ne8 21. e5 Be6
22. exd6 Nxd6 23. Ng3 Rb2 24. Ne4 Rxa2 25. Nxd6 cxd6 26. Ra1 Rxa1 27. Rxa1 Qb6+
28. Kh1 Qc5 29. Rxa6 Bd5 30. c4 1-0

[Event "Chess24 Banter Blitz Cup"]
[Site "chess24.com INT"]
[Date "2019.12.04"]
[Round "1.3"]
[White "Ordaz Valdes, Lisandra Teresa"]
[Black "Saric, Ivan"]
[Result "0-1"]
[WhiteTitle "IM"]
[BlackTitle "GM"]
[WhiteElo "2384"]
[BlackElo "2667"]
[WhiteFideId "3506940"]
[BlackFideId "14508150"]
[EventDate "2019.09.25"]
[EventType "blitz"]

1. d4 Nf6 2. c4 g6 3. Nc3 Bg7 4. e4 d6 5. f4 c5 6. d5 O-O 7. Nf3 e6 8. dxe6 fxe6
9. Bd3 Nc6 10. O-O a6 11. Ng5 h6 12. Nf3 Nh5 13. g3 Nd4 14. Nh4 Nxf4 15. Bxf4 g5
16. Ng6 gxf4 17. Nxf8 Qxf8 18. gxf4 Bd7 19. Qg4 Kh8 20. h3 Qf7 21. Kh2 Rg8 22.
Rg1 b5 23. Rg3 bxc4 24. Bxc4 d5 25. Bd3 c4 26. Bb1 Rb8 27. e5 Rxb2+ 28. Rg2
Rxg2+ 29. Kxg2 Nf5 30. Bxf5 exf5 31. Qd1 Bc6 32. Qd4 Qg6+ 33. Kh2 Qh5 34. Rf1
Kh7 35. Rf2 Qh4 36. Nd1 Ba4 37. Qe3 Bxd1 38. Rg2 d4 39. Qxd4 Bf3 40. Rg3 Be4 41.
Qd7 Qxg3+ 42. Kxg3 c3 43. e6 c2 44. Qc7 h5 45. e7 h4+ 46. Kxh4 Bf6+ 47. Kh5 Bxe7 0-1

[Event "Chess24 Banter Blitz Cup"]
[Site "chess24.com INT"]
[Date "2019.12.04"]
[Round "1.4"]
[White "Saric, Ivan"]
[Black "Ordaz Valdes, Lisandra Teresa"]
[Result "0-1"]
[WhiteTitle "GM"]
[BlackTitle "IM"]
[WhiteElo "2667"]
[BlackElo "2384"]
[WhiteFideId "14508150"]
[BlackFideId "3506940"]
[EventDate "2019.09.25"]
[EventType "blitz"]

1. e4 e5 2. Nf3 Nc6 3. Bb5 g6 4. c3 a6 5. Ba4 d6 6. d4 Bd7 7. O-O Bg7 8. Re1
Nge7 9. d5 Nb8 10. Bxd7+ Nxd7 11. c4 h6 12. Nc3 O-O 13. b4 a5 14. bxa5 Rxa5 15.
a4 f5 16. Ba3 Nf6 17. Bb4 Ra8 18. c5 fxe4 19. cxd6 cxd6 20. Nxe4 Nxe4 21. Rxe4
g5 22. h3 Ng6 23. g3 Qf6 24. Kg2 Rf7 25. Ra3 Raf8 26. a5 Ne7 27. Qd3 h5 28. Be1
Qg6 29. h4 Rxf3 0-1

[Event "Chess24 Banter Blitz Cup"]
[Site "chess24.com INT"]
[Date "2019.12.04"]
[Round "1.5"]
[White "Ordaz Valdes, Lisandra Teresa"]
[Black "Saric, Ivan"]
[Result "1/2-1/2"]
[WhiteTitle "IM"]
[BlackTitle "GM"]
[WhiteElo "2384"]
[BlackElo "2667"]
[WhiteFideId "3506940"]
[BlackFideId "14508150"]
[EventDate "2019.09.25"]
[EventType "blitz"]

1. d4 Nf6 2. c4 g6 3. Nc3 Bg7 4. e4 d6 5. f4 c5 6. d5 O-O 7. Nf3 e6 8. dxe6 Bxe6
9. Bd3 Nc6 10. f5 Bd7 11. O-O Re8 12. Bg5 h6 13. Bf4 g5 14. Bxd6 Bxf5 15. e5
Bxd3 16. Qxd3 Ng4 17. Rae1 Ncxe5 18. Nxe5 Bxe5 19. Rxe5 Nxe5 20. Qd5 Re6 21. Ne4
Rc8 22. b3 Rc6 23. Bxe5 Qxd5 24. cxd5 Rxe5 25. dxc6 Rxe4 26. cxb7 Rb4 27. Rc1
Rxb7 28. Rxc5 Kg7 29. Kf2 Re7 30. Ra5 Kg6 31. Ra6+ f6 32. b4 h5 33. a4 h4 34. b5
Rc7 35. Rc6 Rd7 36. Ke2 Re7+ 37. Kd2 g4 38. a5 Kg5 39. b6 axb6 40. axb6 f5 41.
Rc7 Re6 42. b7 Rb6 43. Kc3 f4 1/2-1/2

[Event "Chess24 Banter Blitz Cup"]
[Site "chess24.com INT"]
[Date "2019.12.04"]
[Round "1.6"]
[White "Saric, Ivan"]
[Black "Ordaz Valdes, Lisandra Teresa"]
[Result "1-0"]
[WhiteTitle "GM"]
[BlackTitle "IM"]
[WhiteElo "2667"]
[BlackElo "2384"]
[WhiteFideId "14508150"]
[BlackFideId "3506940"]
[EventDate "2019.09.25"]
[EventType "blitz"]

1. e4 e5 2. Nf3 Nc6 3. Bb5 g6 4. d4 exd4 5. c3 dxc3 6. Nxc3 h6 7. O-O Bg7 8. Bf4
Nge7 9. Nd5 d6 10. Qd2 a6 11. Ba4 Bg4 12. Nxe7 Qxe7 13. Nd4 Bd7 14. Nxc6 bxc6
15. Rac1 g5 16. Bg3 Rb8 17. b3 Rb6 18. f4 O-O 19. Bf2 c5 20. Bxd7 Qxd7 21. fxg5
hxg5 22. Qxg5 Qe6 23. Rfe1 Rb4 24. Qd5 Qg6 25. a3 Rbb8 26. h4 Rfe8 27. b4 Re5
28. Qc6 cxb4 29. axb4 Rxb4 30. Qxc7 Rbxe4 31. Rxe4 Rxe4 32. Qc8+ Kh7 33. Qxa6
Rg4 34. Qf1 Be5 35. Rd1 Qf5 36. Qd3 Re4 37. Qf3 Qg6 38. h5 1-0